000 00790nam a22003130a 4500
001 PT31741
003 AR-LpoUNG
005 20210131225849.0
008 191001s1975||||ag |||||||||||||||||spa d
040 _aAR-LpoUNG
_bspa
_cAR-LpoUNG
_eaacr
041 _aspa
044 _aag
082 0 _a982.063 948cor
100 1 _aPrieto, Ramón
245 1 0 _aCorrespondencia Perón Frigerio :
_b1958-1973
250 _a1ra ed.
260 _aBuenos Aires :
_bMacacha Güemes,
_c1975.
300 _a205 p. :
_bgráfs.
650 4 _aANALISIS HISTORICO
650 4 _aARGENTINA
650 4 _aDEMOCRACIA
650 4 _aDICTADURA
650 4 _aHISTORIA POLITICA
650 4 _aIDEOLOGIAS POLITICAS
650 4 _aPARTIDOS POLITICOS
653 _aPERONISMO
905 _a31741
942 _cLIB
999 _c225
_d225